000 00375nam a2200169Ia 4500
100 _aStevens/Richard W/ Gabrani/G
650 _aTCP/IP
942 _cBK
366 _f25
654 _aTCP/IP
245 _aTCP/IP illustrated:The protocols
260 _bPearson Education
_c2006
082 _a4.62
_bSTE
300 _a512
546 _aENGLISH
_celectronics
999 _c17986
_d17986